مكتبة جامعة عجلون الوطنية

فهرس بحث المكتبة

Normal view MARC view
  • الخرابشة، يشير عبد الرحمن

Entry Personal Name

Number of records used in: 1

001 - CONTROL NUMBER

  • control field: 59240

003 - CONTROL NUMBER IDENTIFIER

  • control field: JO-AjAnu

005 - DATE AND TIME OF LATEST TRANSACTION

  • control field: 20230606083705.0

008 - FIXED-LENGTH DATA ELEMENTS

  • fixed length control field: 230606|| aca||aabn | a|a d

040 ## - CATALOGING SOURCE

  • Original cataloging agency: JO-AjAnu
  • Transcribing agency: JO-AjAnu

100 ## - HEADING--PERSONAL NAME

  • Personal name: الخرابشة، يشير عبد الرحمن

670 ## - SOURCE DATA FOUND

  • Source citation: Work cat.: (JO-AjAnu)30216: الخرابشة، يشير عبد الرحمن , author, النظام القانوني للمحكمة الدستورية: راسة مقارنة